00313 a2200133 4500000002500000100001600025110001600041245001700057250001900074260003000093264003000123942000700153999001900160 nam a22 7a 4500 aAtul Shukla aAtul Shukla aYog Chikitsa alatest edition bkhel sahitya kendrac2025 bkhel sahitya kendrac2025 cBK c396264d396264